Ranking UFC - Kategoria półciężka - Statystyki

Ogólne statystyki
  • Ten quiz został rozwiązany 106 razy
  • Średni wynik to 7 z 11
Statystyki odpowiedzi
Pozycja Zawodnik Narodowość % Poprawnych
4 Jan Błachowicz Polska
98%
Champion Alex Pereira Brazylia
97%
2 Jiří Procházka Czechy
87%
1 Magomed Ankalaev Rosja
84%
3 Jamahal Hill Stany Zjednoczone
68%
5 Aleksandar Rakić Austria
56%
6 Carlos Ulberg Australia
54%
8 Nikita Krylov Ukraina
46%
10 Johnny Walker Brazylia
44%
7 Khalil Rountree Jr. Stany Zjednoczone
41%
9 Volkan Oezdemir Szwajcaria
41%
Nie znaleziono quizów pasujących do podanych kryteriów
Rozkład punktacji
Procent ludzi z każdym wynikiem
Percentyl według liczby udzielonych odpowiedzi
Twoja historia wyników
Nie rozwiązałeś tego quizu